000 00366nam a2200145Ia 4500
008 230917s9999||||xx |||||||||||||| ||und||
040 _e86455
_aMAIN
041 _aEnglish
082 _a514 J781I
100 _aJoshi, K D
245 0 _aIntroduction to general topology
260 _aNew Delhi
_bNew Age International
_c1999
300 _axii, 412 p.
942 _cBK
999 _c117036
_d117036